Real Estate Sector: A Brief Study Of Selective Media Spends From March-July 2015 (Record no. 75080)

MARC details
000 -LEADER
fixed length control field 00495nam a2200133Ia 4500
008 - FIXED-LENGTH DATA ELEMENTS--GENERAL INFORMATION
fixed length control field 221007s9999 xx 000 0 und d
041 ## - LANGUAGE CODE
Language code of text/sound track or separate title eng
082 ## - DEWEY DECIMAL CLASSIFICATION NUMBER
Item number SHI
100 ## - MAIN ENTRY--PERSONAL NAME
Personal name Shivangikar Shivani S - 2k141042; Dr.Kamlakar Munde - Guide & [Company Name] - Orchid M Marketing & Media Consultants
9 (RLIN) 103747
245 ## - TITLE STATEMENT
Title Real Estate Sector: A Brief Study Of Selective Media Spends From March-July 2015
260 ## - PUBLICATION, DISTRIBUTION, ETC. (IMPRINT)
Date of publication, distribution, etc. Sep-15
Name of publisher, distributor, etc. Savitribai Phule Pune University
Place of publication, distribution, etc. Pune
300 ## - PHYSICAL DESCRIPTION
Extent 32p
906 ## - LOCAL DATA ELEMENT F, LDF (RLIN)
b General
Holdings
Withdrawn status Lost status Damaged status Not for loan Home library Current library Date acquired Vendor Total Checkouts Full call number Barcode Date last seen Bill Date Koha item type Original Barcode
        Smt. Hiraben Nanavati Institute of Management & Research for Women Smt. Hiraben Nanavati Institute of Management & Research for Women 21/07/2016 HNIMR   SHI HIMR-PR-611 07/10/2022 07/10/2022 Project Reports PR0611